000 00944cab a2200277 4500
001 ABS52755
008 090401t1995 xxu||||| |||| 00| 0 eng d
035 _a(Sirsi) u94004
041 _aeng
100 _aMinogue, A.
245 _aVery much more obliged
260 _c1995
350 _a0
490 _aBuilding
_v260(7889) 21 April 1995, 34(1)
520 _aPredicts more claims in tort against contractors, following recent decisions where those not directly in a contractual relationship have successfully claimed for negligence.
650 _aD&F ESTATES V CHURCH COMMISSIONERS
650 _aHEDLEY BYRNE & CO LTD V HELLER & PARTNERS LTD
650 _aHENDERSON V MERRETT SYNDICATES LTD
650 _aMURPHY V BRENTWOOD DC
650 _aNEGLIGENCE
650 _aST MARTINS PROPERTY CORPORATION LTD V SIR ROBERT MCALPINE AND SONS LTD
650 _aWHITE V JONES
690 _aLAW
942 _n0
948 _c04/03/1997
999 _c59564
_d59564